Central Library OPAC University of Rajshahi

The epilogue / (Record no. 65677)

MARC details
000 -LEADER
fixed length control field 00777nam a2200253 a 4500
001 - CONTROL NUMBER
control field 65677
003 - CONTROL NUMBER IDENTIFIER
rucl marc code BD-RjUL
005 - DATE AND TIME OF LATEST TRANSACTION
control field 20211209081442.0
008 - FIXED-LENGTH DATA ELEMENTS--GENERAL INFORMATION
fixed length control field 170309s1988 ii ||||| |||| 001 0 eng d
035 ## - SYSTEM CONTROL NUMBER
System control number (BD-RjUL)65807
040 ## - CATALOGING SOURCE
Original cataloging agency BD-RjUL
Language of cataloging eng
Transcribing agency BD-RjUL
041 ## - LANGUAGE CODE
Language code of text/sound track or separate title eng
082 ## - DEWEY DECIMAL CLASSIFICATION NUMBER
Edition number 23
Classification number 297.4
Author mark and year PAE 1988
100 1# - MAIN ENTRY--PERSONAL NAME
Personal name Paul, Harendrachandra
9 (RLIN) 194265
245 10 - TITLE STATEMENT
Title The epilogue /
Statement of responsibility, etc. Harendrachandra Paul
260 ## - PUBLICATION, DISTRIBUTION, ETC. (IMPRINT)
Place of publication, distribution, etc. Calcutta :
Name of publisher, distributor, etc. M.I.G. Housing estate,
Date of publication, distribution, etc. 1988.
300 ## - PHYSICAL DESCRIPTION
Pagination xx, 739 p. ;
Size 21 cm.
500 ## - GENERAL NOTE
General note Includes index
600 ## - SUBJECT ADDED ENTRY--PERSONAL NAME
Personal name Rūmī,Jalāl al-Dīn.
Dates associated with a name 1207-1273 --
General subdivision Religion and ethics
650 ## - SUBJECT ADDED ENTRY--TOPICAL TERM
Topical term or geographic name as entry element Sufism
9 (RLIN) 170473
Topical term or geographic name as entry element Self-acceptance
Form subdivision Religious aspects
General subdivision Sufism.
9 (RLIN) 236574
Topical term or geographic name as entry element Self (Philosophy)
9 (RLIN) 194266
942 ## - ADDED ENTRY ELEMENTS (KOHA)
Source of classification or shelving scheme Dewey Decimal Classification
Koha item type Books
Holdings
Lost status Source of classification or shelving scheme Damaged status Not for loan Collection code Permanent Location Current Location Shelving location Date acquired Source of acquisition Cost, normal purchase price Total Checkouts Full call number Date last seen Copy number Koha item type
  Dewey Decimal Classification   Not For Loan Non-fiction Central Library, University of Rajshahi Central Library, University of Rajshahi Reading Room 17/02/1991 Alighar Library, Rajshahi 750.00   297.4 PAE 1988 09/03/2017 C-1 Books
  Dewey Decimal Classification     Non-fiction Central Library, University of Rajshahi Central Library, University of Rajshahi   22/11/2008       297.4 PAE 1988 18/12/2019 C-2 Books